[Event "FRA-ch op-D"]
[Site "Albi"]
[Date "2022.08.17"]
[Round "5"]
[White "Prochazka, Margot"]
[Black "Texier, Cesar"]
[Result "0-1"]
[WhiteElo "1485"]
[BlackElo "1551"]
[PlyCount "66"]
[EventDate "2022.08.13"]
[EventType "swiss"]
[EventRounds "9"]
[EventCountry "FRA"]
[SourceTitle "CBM 210 Extra"]
[Source "ChessBase"]
[SourceDate "2022.11.30"]
[SourceVersion "1"]
[SourceVersionDate "2022.11.30"]
[SourceQuality "1"]

1. e4 c5 2. Nc3 Nc6 3. f4 g6 4. Nf3 Bg7 5. a3 e6 6. Bc4 Nge7 7. d3 0-0 8. 0-0 d5 9. Ba2 dxe4 10. Nxe4 b6 11. Qe1 Nf5 12. Rb1 Nfd4 13. c3 Nxf3+ 14. Rxf3 Ba6 15. Qg3 Ne7 16. Qh3 Nf5 17. g4 Nd6 18. Nxd6 Qxd6 19. f5 exf5 20. gxf5 Bb7 21. fxg6 hxg6 22. Bf4 Be5 23. Bxe5 Qxe5 24. Rxf7 Qg5+ 25. Kf1 Rxf7+ 26. Bxf7+ Kg7 27. Ba2 Rf8+ 28. Ke1 Qg1+ 29. Ke2 Rf2+ 30. Ke3 Rf3+ 31. Ke2 Rf2+ 32. Ke3 Rf1+ 33. Ke2 Qf2# 0-1

[Event "FRA-ch op-D"]
[Site "Albi"]
[Date "2022.08.15"]
[Round "3"]
[White "Falla, Damien"]
[Black "Texier, Cesar"]
[Result "0-1"]
[WhiteElo "1455"]
[BlackElo "1551"]
[PlyCount "45"]
[EventDate "2022.08.13"]
[EventType "swiss"]
[EventRounds "9"]
[EventCountry "FRA"]
[SourceTitle "CBM 210 Extra"]
[Source "ChessBase"]
[SourceDate "2022.11.30"]
[SourceVersion "1"]
[SourceVersionDate "2022.11.30"]
[SourceQuality "1"]

1. e4 c5 2. c4 Nc6 3. Nf3 e5 4. a3 g6 5. d3 Bg7 6. Nc3 Nge7 7. Bg5 0-0 8. Be2 d6 9. Qd2 Bg4 10. h3 Bxf3 11. gxf3 Nd4 12. Qd1 h6 13. Bxe7 Qxe7 14. Nb5 Ne6 15. Nc3 Nf4 16. Nd5 Nxd5 17. exd5 b5 18. b4 Rfc8 19. Qd2 a5 20. Rb1 axb4 21. axb4 cxb4 22. Qxb4 Ra2 23. Bd1 0-1

[Event "Tetraktys Concept Mgmt"]
[Site "Europe Echecs INT"]
[Date "2021.06.06"]
[Round "3"]
[White "Maugenest, Ghislain"]
[Black "Texier, Cesar"]
[Result "0-1"]
[WhiteElo "2052"]
[BlackElo "1458"]
[PlyCount "96"]
[EventDate "2021.06.06"]
[EventType "swiss (blitz)"]
[EventRounds "11"]
[EventCountry "FRA"]
[SourceTitle "CBM 202 Extra"]
[Source "ChessBase"]
[SourceDate "2021.07.31"]
[SourceVersion "1"]
[SourceVersionDate "2021.07.31"]
[SourceQuality "1"]

1. d4 Nf6 2. c4 g6 3. Nc3 Bg7 4. e4 d6 5. f3 0-0 6. Nge2 c5 7. d5 Na6 8. Ng3 Nc7 9. Be3 a6 10. a4 Rb8 11. Be2 Bd7 12. a5 e6 13. 0-0 exd5 14. cxd5 Re8 15. Qd2 Nb5 16. Nxb5 Bxb5 17. Bxb5 axb5 18. b4 Nd7 19. Ra2 Ne5 20. Bf2 Nc4 21. Qd3 cxb4 22. Ne2 Ra8 23. Nd4 Rxa5 24. Rxa5 Qxa5 25. Nb3 Qc7 26. Rc1 Rc8 27. Be1 Qb6+ 28. Bf2 Qc7 29. h4 Bc3 30. Qe2 Na5 31. Nd4 Qd7 32. Nxb5 Nb3 33. Rb1 Nd2 34. Rd1 b3 35. Nxc3 Rxc3 36. Qxd2 Qc7 37. Rb1 Rc2 38. Qd1 b2 39. Be3 Qc3 40. Bf4 Qc5+ 41. Kh2 Qf2 42. Qf1 Qxh4+ 43. Kg1 Qxf4 44. Qd3 Qc1+ 45. Rxc1 bxc1Q+ 46. Kh2 Qh6+ 47. Kg1 Qd2 48. Qb5 Qxg2# 0-1

[Event "Tetraktys Concept Mgmt"]
[Site "Europe Echecs INT"]
[Date "2021.06.06"]
[Round "7"]
[White "Saraci, Nderim"]
[Black "Texier, Cesar"]
[Result "1-0"]
[WhiteElo "2430"]
[BlackElo "1458"]
[PlyCount "61"]
[EventDate "2021.06.06"]
[EventType "swiss (blitz)"]
[EventRounds "11"]
[EventCountry "FRA"]
[SourceTitle "CBM 202 Extra"]
[Source "ChessBase"]
[SourceDate "2021.07.31"]
[SourceVersion "1"]
[SourceVersionDate "2021.07.31"]
[SourceQuality "1"]

1. Nf3 Nf6 2. g3 g6 3. Bg2 Bg7 4. 0-0 0-0 5. d4 d5 6. c4 c6 7. Nc3 Bf5 8. cxd5 cxd5 9. Qb3 Qb6 10. Nxd5 Nxd5 11. Qxd5 Rd8 12. Qb3 Qxb3 13. axb3 Nc6 14. e3 e5 15. dxe5 Bxe5 16. Nxe5 Nxe5 17. e4 Be6 18. Bg5 Rd3 19. Bf6 Nf3+ 20. Kh1 Bxb3 21. Rfc1 Nd2 22. Rxa7 Re8 23. Rxb7 h6 24. e5 g5 25. h3 Nc4 26. Rxb3 Rxb3 27. Rxc4 Rxb2 28. Bc6 Rc8 29. Kg2 Rb6 30. Bd5 Re8 31. Rc7 1-0

[Event "Tetraktys Concept Mgmt"]
[Site "Europe Echecs INT"]
[Date "2021.06.06"]
[Round "6"]
[White "Texier, Cesar"]
[Black "Ferey, Antonin"]
[Result "1-0"]
[WhiteElo "1458"]
[BlackElo "2148"]
[PlyCount "55"]
[EventDate "2021.06.06"]
[EventType "swiss (blitz)"]
[EventRounds "11"]
[EventCountry "FRA"]
[SourceTitle "CBM 202 Extra"]
[Source "ChessBase"]
[SourceDate "2021.07.31"]
[SourceVersion "1"]
[SourceVersionDate "2021.07.31"]
[SourceQuality "1"]

1. e4 e5 2. Nf3 Nc6 3. Bc4 Bc5 4. c3 Nf6 5. d4 exd4 6. b4 Bb6 7. e5 d5 8. exf6 dxc4 9. Qe2+ Be6 10. b5 d3 11. Qe4 Nb4 12. 0-0 Nc2 13. fxg7 Rg8 14. Bg5 Qd5 15. Qxh7 Kd7 16. Bf6 Rae8 17. Ne5+ Kc8 18. Nd2 Nxa1 19. Rxa1 Qxb5 20. Rb1 Qa4 21. Ne4 Qc2 22. Rf1 d2 23. Nd6+ cxd6 24. Qxc2 dxe5 25. Qxd2 Bd7 26. Rd1 Bc6 27. Qg5 Re6 28. h4 1-0

[Event "Tetraktys Concept Mgmt"]
[Site "Europe Echecs INT"]
[Date "2021.06.06"]
[Round "9"]
[White "Texier, Cesar"]
[Black "Rakotomaharo, Fy Antenaina"]
[Result "0-1"]
[WhiteElo "1458"]
[BlackElo "2435"]
[PlyCount "58"]
[EventDate "2021.06.06"]
[EventType "swiss (blitz)"]
[EventRounds "11"]
[EventCountry "FRA"]
[SourceTitle "CBM 202 Extra"]
[Source "ChessBase"]
[SourceDate "2021.07.31"]
[SourceVersion "1"]
[SourceVersionDate "2021.07.31"]
[SourceQuality "1"]

1. e4 c5 2. Nf3 Nf6 3. Nc3 d5 4. exd5 Nxd5 5. Bc4 e6 6. 0-0 Nc6 7. Re1 Be7 8. d4 Nxc3 9. bxc3 0-0 10. Be3 Qa5 11. Qd3 Rd8 12. Rad1 a6 13. a4 Bd7 14. Bg5 cxd4 15. Bxe7 Nxe7 16. cxd4 Qf5 17. Ne5 Qxd3 18. Rxd3 Bxa4 19. Rf3 Be8 20. c3 Rac8 21. Bd3 Nd5 22. c4 Nb4 23. Rf4 Nxd3 24. Nxd3 Rxc4 25. Rc1 Rcxd4 26. Rxd4 Rxd4 27. Ne5 f6 28. Nf3 Rd5 29. Rc8 Rd1+ 0-1

[Event "Europe Echecs Blitz May op"]
[Site "Europe Echecs INT"]
[Date "2021.05.09"]
[Round "4"]
[White "Texier, Cesar"]
[Black "Fischer, Julie"]
[Result "1/2-1/2"]
[WhiteElo "1458"]
[BlackElo "2071"]
[PlyCount "118"]
[EventDate "2021.05.09"]
[EventType "swiss (blitz)"]
[EventRounds "11"]
[EventCountry "FRA"]
[SourceTitle "CBM 202 Extra"]
[Source "ChessBase"]
[SourceDate "2021.07.31"]
[SourceVersion "1"]
[SourceVersionDate "2021.07.31"]
[SourceQuality "1"]

1. e4 d5 2. exd5 Qxd5 3. Nc3 Qd8 4. d4 Nf6 5. Nf3 g6 6. Bc4 Bg7 7. 0-0 0-0 8. Be3 Bg4 9. h3 Bxf3 10. Qxf3 c6 11. Rad1 Nbd7 12. Rfe1 Nb6 13. Bb3 a5 14. a4 Nbd5 15. Nxd5 Nxd5 16. Bxd5 Qxd5 17. Qxd5 cxd5 18. Bf4 e6 19. Bd6 Rfc8 20. c3 Ra6 21. Ba3 Rc4 22. Ra1 Rb6 23. b4 Rxc3 24. bxa5 Ra6 25. Bc5 Rxc5 26. dxc5 Bxa1 27. Rxa1 Rxa5 28. Rb1 Rxc5 29. Rxb7 Rc1+ 30. Kh2 Ra1 31. Ra7 d4 32. g3 Kg7 33. Kg2 h5 34. a5 Kf6 35. a6 Ke5 36. Rxf7 Rxa6 37. Rc7 d3 38. Rc1 d2 39. Rd1 Rd6 40. Kf3 g5 41. Ke2 Ke4 42. f3+ Kf5 43. Rxd2 Rxd2+ 44. Kxd2 h4 45. gxh4 gxh4 46. Ke3 e5 47. Ke2 Kg5 48. Ke3 Kf5 49. Ke2 Kf4 50. Kf2 e4 51. fxe4 Kxe4 52. Kg1 Ke3 53. Kh1 Kf3 54. Kh2 Kf2 55. Kh1 Kg3 56. Kg1 Kxh3 57. Kh1 Kg3 58. Kg1 h3 59. Kh1 h2 1/2-1/2

[Event "Europe Echecs Blitz May op"]
[Site "Europe Echecs INT"]
[Date "2021.05.09"]
[Round "8"]
[White "Texier, Cesar"]
[Black "Kubicka, Anna"]
[Result "0-1"]
[WhiteElo "1458"]
[BlackElo "2235"]
[PlyCount "142"]
[EventDate "2021.05.09"]
[EventType "swiss (blitz)"]
[EventRounds "11"]
[EventCountry "FRA"]
[SourceTitle "CBM 202 Extra"]
[Source "ChessBase"]
[SourceDate "2021.07.31"]
[SourceVersion "1"]
[SourceVersionDate "2021.07.31"]
[SourceQuality "1"]

1. e4 c5 2. Nf3 d6 3. d4 cxd4 4. Nxd4 Nf6 5. Nc3 a6 6. Bg5 Nbd7 7. f4 Qc7 8. Qf3 h6 9. Bh4 g5 10. fxg5 hxg5 11. Bxg5 Qc5 12. Be3 Ne5 13. Qe2 Neg4 14. Bg1 Qg5 15. Nf3 Qa5 16. 0-0-0 Be6 17. Kb1 Rc8 18. Nd4 Rxc3 19. Nxe6 fxe6 20. bxc3 Qxc3 21. Qd3 Qb4+ 22. Qb3 Qxe4 23. Bd3 Qxg2 24. Qxe6 Qc6 25. Bd4 Rh6 26. Rhe1 Qd7 27. Qxd7+ Kxd7 28. Bf5+ Kc7 29. Bxf6 Nxf6 30. h3 Rh4 31. Re3 Rb4+ 32. Rb3 Rc4 33. Bd3 Rc5 34. a4 Nd5 35. Kb2 Bg7+ 36. Ka3 b5 37. Be4 Nc3 38. Rd3 Nxa4 39. Rb4 Nb6 40. Rb1 Nc4+ 41. Kb4 a5+ 42. Kb3 a4+ 43. Ka2 Ne5 44. Rd5 Rxd5 45. Bxd5 Kb6 46. c4 Kc5 47. Rxb5+ Kd4 48. Rb7 Bf6 49. Ra7 Nxc4 50. Bxc4 Kxc4 51. Rxa4+ Kd3 52. Rg4 d5 53. h4 d4 54. Kb1 e5 55. h5 e4 56. Kc1 e3 57. Kd1 Be7 58. Rg2 Ke4 59. h6 d3 60. h7 Bf6 61. Ra2 Kf3 62. Rh2 e2+ 63. Kd2 Bc3+ 64. Kxd3 e1Q 65. Rh3+ Kg4 66. Re3 Qd2+ 67. Kc4 Qd4+ 68. Kb3 Qxe3 69. h8Q Bxh8+ 70. Ka2 Qc3 71. Kb1 Qb2# 0-1

[Event "C'Chartres Blitz op April"]
[Site "Europe Echecs INT"]
[Date "2021.04.10"]
[Round "6"]
[White "Radoman, Emmanuel"]
[Black "Texier, Cesar"]
[Result "1-0"]
[WhiteElo "1962"]
[BlackElo "1458"]
[PlyCount "79"]
[EventDate "2021.04.10"]
[EventType "swiss (blitz)"]
[EventRounds "11"]
[EventCountry "FRA"]
[SourceTitle "CBM 201 Extra"]
[Source "ChessBase"]
[SourceDate "2021.05.31"]
[SourceVersion "1"]
[SourceVersionDate "2021.05.31"]
[SourceQuality "1"]

1. e4 c5 2. a3 e6 3. b4 cxb4 4. axb4 Bxb4 5. c3 Be7 6. d4 Nf6 7. Bd3 d6 8. Ne2 Nc6 9. 0-0 0-0 10. Nd2 b6 11. f4 Bb7 12. Nf3 d5 13. e5 Ne4 14. Nd2 Nxd2 15. Bxd2 g6 16. g4 Re8 17. f5 exf5 18. gxf5 Bc8 19. Nf4 Bxf5 20. Bxf5 gxf5 21. Qh5 Kh8 22. Qxf5 Rg8+ 23. Kh1 f6 24. Ne6 Qd7 25. exf6 Bf8 26. f7 Rg6 27. Nxf8 Qxf5 28. Nxg6+ Qxg6 29. f8Q+ Rxf8 30. Rxf8+ Kg7 31. Rff1 Qe4+ 32. Kg1 Na5 33. Rf2 a6 34. Raf1 Nc4 35. Rf7+ Kg8 36. Rf8+ Kg7 37. R1f7+ Kg6 38. Rf6+ Kh5 39. Rf5+ Kh4 40. Rf4+ 1-0

[Event "C'Chartres Blitz op April"]
[Site "Europe Echecs INT"]
[Date "2021.04.10"]
[Round "7"]
[White "Texier, Cesar"]
[Black "Becue, Herve"]
[Result "1-0"]
[WhiteElo "1458"]
[BlackElo "1886"]
[PlyCount "103"]
[EventDate "2021.04.10"]
[EventType "swiss (blitz)"]
[EventRounds "11"]
[EventCountry "FRA"]
[SourceTitle "CBM 201 Extra"]
[Source "ChessBase"]
[SourceDate "2021.05.31"]
[SourceVersion "1"]
[SourceVersionDate "2021.05.31"]
[SourceQuality "1"]

1. e4 c6 2. d4 d5 3. Nc3 dxe4 4. Nxe4 Nf6 5. Nxf6+ exf6 6. Nf3 Bg4 7. Be2 Bd6 8. 0-0 0-0 9. h3 Bh5 10. c4 Re8 11. Re1 Nd7 12. b3 Bc7 13. Bb2 Nb6 14. a4 Nd7 15. Qd2 Nf8 16. Rad1 Ne6 17. d5 Nf4 18. d6 Nxe2+ 19. Rxe2 Rxe2 20. Qxe2 Bxd6 21. c5 Bh2+ 22. Kxh2 Qa5 23. Qd2 Qxc5 24. Qd8+ Rxd8 25. Rxd8+ Qf8 26. Rxf8+ Kxf8 27. Kg3 Ke7 28. Kf4 Bg6 29. b4 b6 30. Bd4 Kd6 31. Bc3 Bc2 32. Nd4 Bxa4 33. Nf5+ Kd5 34. Nxg7 Kc4 35. Bd2 c5 36. bxc5 Kxc5 37. Nh5 a5 38. Nxf6 Bb3 39. Ne4+ Kd4 40. Be3+ Kd3 41. Bxb6 a4 42. Nc5+ Kc3 43. Nxb3 axb3 44. Ke3 b2 45. Bd4+ Kc2 46. Bxb2 Kxb2 47. f4 Kc3 48. Ke4 Kc4 49. g4 h5 50. gxh5 Kc5 51. h6 Kd6 52. h7 1-0

[Event "Cappelle Online Blitz op"]
[Site "Europe Echecs INT"]
[Date "2021.03.07"]
[Round "6"]
[White "Schrefheere, Anthime"]
[Black "Texier, Cesar"]
[Result "0-1"]
[WhiteElo "1752"]
[BlackElo "1458"]
[PlyCount "36"]
[EventDate "2021.03.07"]
[EventType "swiss (blitz)"]
[EventRounds "11"]
[EventCountry "FRA"]
[SourceTitle "CBM 201 Extra"]
[Source "ChessBase"]
[SourceDate "2021.05.31"]
[SourceVersion "1"]
[SourceVersionDate "2021.05.31"]
[SourceQuality "1"]

1. e4 c5 2. Nf3 d6 3. c3 Nf6 4. Be2 g6 5. 0-0 Bg7 6. d4 0-0 7. Nbd2 Nc6 8. Re1 cxd4 9. cxd4 d5 10. e5 Ne4 11. Nxe4 dxe4 12. Ng5 Qxd4 13. e6 fxe6 14. Qxd4 Nxd4 15. Bc4 h6 16. Nxe4 Nc2 17. Bf4 Nxe1 18. Rxe1 Rxf4 0-1

[Event "Cappelle Online Rapid op"]
[Site "Europe Echecs INT"]
[Date "2021.03.06"]
[Round "7"]
[White "Breuil, Tristan"]
[Black "Texier, Cesar"]
[Result "1/2-1/2"]
[WhiteElo "1973"]
[BlackElo "1458"]
[PlyCount "185"]
[EventDate "2021.03.06"]
[EventType "swiss (rapid)"]
[EventRounds "9"]
[EventCountry "FRA"]
[SourceTitle "CBM 201 Extra"]
[Source "ChessBase"]
[SourceDate "2021.05.31"]
[SourceVersion "1"]
[SourceVersionDate "2021.05.31"]
[SourceQuality "1"]

1. e4 c5 2. Nf3 d6 3. d4 cxd4 4. Nxd4 Nf6 5. Nc3 a6 6. h3 e5 7. Nde2 h5 8. g3 Be6 9. Bg2 Nbd7 10. 0-0 Be7 11. Be3 Rc8 12. f4 Bc4 13. b3 Bxe2 14. Nxe2 0-0 15. c4 b5 16. cxb5 axb5 17. Qd3 b4 18. Qd2 Nc5 19. Bxc5 Rxc5 20. Qxb4 h4 21. Qd2 Qb6 22. Kh1 Rfc8 23. Rac1 Rxc1 24. Rxc1 Rxc1+ 25. Qxc1 Qf2 26. fxe5 dxe5 27. Qc8+ Bf8 28. Qc2 Nh5 29. Qd1 Qxe2 30. Qxe2 Nxg3+ 31. Kg1 Nxe2+ 32. Kf2 Nd4 33. Ke3 Bc5 34. Kd3 Kf8 35. Kc4 Ba7 36. Kd5 f6 37. Kd6 Ke8 38. b4 Kd8 39. a4 Nc2 40. b5 Nd4 41. Bf1 Bb6 42. Bc4 g5 43. Bf1 Ke8 44. Bc4 g4 45. hxg4 h3 46. Bf1 h2 47. Bg2 Kd8 48. Bh1 Bc7+ 49. Kc5 Kd7 50. b6 Bd6+ 51. Kd5 Ne2 52. a5 Nf4+ 53. Kc4 Kc6 54. Bf3 Ne2 55. Bg2 Ng3 56. b7 Kxb7 57. Kd5 Bc7 58. Ke6 Bxa5 59. Kxf6 Bc7 60. g5 Nh5+ 61. Kf5 Kc8 62. g6 Kd8 63. Kg5 Ng7 64. Kf6 Nh5+ 65. Kg5 Nf4 66. g7 Ne6+ 67. Kf6 Nxg7 68. Kxg7 Ke7 69. Kg6 Kd6 70. Kf5 Kc5 71. Kg4 Kd4 72. Kh3 Ke3 73. Kxh2 Kf2 74. Bh3 Bd8 75. Bf5 Bg5 76. Kh3 Bf4 77. Kg4 Ke3 78. Kh5 Kd4 79. Kg6 Ke3 80. Kf6 Kd4 81. Ke6 Ke3 82. Kd5 Bg3 83. Bd7 Bf4 84. Ba4 Bg3 85. Bc2 Bf4 86. Bd1 Bg3 87. Bh5 Bf4 88. Be8 Bg3 89. Ba4 Bf4 90. Bd1 Bg3 91. Ba4 Bf4 92. Bb3 Bg3 93. Ba4 1/2-1/2

[Event "Cappelle Online Bullet op"]
[Site "Europe Echecs INT"]
[Date "2021.03.05"]
[Round "10"]
[White "Feryn, Benjamin"]
[Black "Texier, Cesar"]
[Result "1-0"]
[WhiteElo "2194"]
[BlackElo "1458"]
[PlyCount "85"]
[EventDate "2021.03.05"]
[EventType "swiss (blitz)"]
[EventRounds "15"]
[EventCountry "FRA"]
[SourceTitle "EXT 2022"]
[Source "ChessBase"]
[SourceDate "2021.10.06"]
[SourceVersion "1"]
[SourceVersionDate "2021.10.06"]
[SourceQuality "1"]

1. e4 c5 2. Nf3 d6 3. d4 cxd4 4. Nxd4 Nf6 5. Nc3 a6 6. Bg5 e6 7. Qd2 Be7 8. 0-0-0 h6 9. Bxf6 Bxf6 10. f4 Nc6 11. Nxc6 bxc6 12. Qxd6 Qxd6 13. Rxd6 Bxc3 14. bxc3 Bd7 15. Bc4 Ke7 16. Rhd1 Rhd8 17. e5 Be8 18. Rxd8 Rxd8 19. Rxd8 Kxd8 20. Bxa6 Kc7 21. Bd3 Kb6 22. Kb2 Kc5 23. Kb3 Bd7 24. a4 Bc8 25. a5 Bb7 26. a6 Bc8 27. Ka4 Kb6 28. Kb4 Bxa6 29. Bxa6 Kxa6 30. Kc5 Kb7 31. Kd6 Kb6 32. c4 g5 33. fxg5 hxg5 34. g4 Kb7 35. c5 Kc8 36. Kxc6 Kd8 37. Kd6 Kc8 38. c6 Kd8 39. c7+ Kc8 40. Kc6 f5 41. exf6 e5 42. f7 e4 43. f8Q# 1-0

[Event "Cappelle Online Bullet op"]
[Site "Europe Echecs INT"]
[Date "2021.03.05"]
[Round "1"]
[White "Kubicka, Anna"]
[Black "Texier, Cesar"]
[Result "1-0"]
[WhiteElo "2235"]
[BlackElo "1458"]
[PlyCount "65"]
[EventDate "2021.03.05"]
[EventType "swiss (blitz)"]
[EventRounds "15"]
[EventCountry "FRA"]
[SourceTitle "EXT 2022"]
[Source "ChessBase"]
[SourceDate "2021.10.06"]
[SourceVersion "1"]
[SourceVersionDate "2021.10.06"]
[SourceQuality "1"]

1. e4 c5 2. Nf3 d6 3. d4 cxd4 4. Nxd4 Nf6 5. Nc3 a6 6. Be3 e5 7. Nb3 Be6 8. h3 Be7 9. f4 Nbd7 10. f5 Bxb3 11. cxb3 0-0 12. g4 Nc5 13. Qf3 b5 14. g5 Nfd7 15. h4 Rc8 16. Be2 b4 17. Nd5 Nb6 18. Nxb6 Qxb6 19. f6 gxf6 20. gxf6 Bd8 21. Bh6 Ne6 22. Qg4+ Kh8 23. Bg7+ Kg8 24. Bh6+ Kh8 25. Bxf8 Bxf6 26. Bh6 Qd4 27. Rd1 Qc5 28. Rg1 a5 29. Bc4 Ng5 30. hxg5 Qe3+ 31. Be2 Rg8 32. Qg3 Qxg3+ 33. Rxg3 1-0

[Event "Cappelle Online Bullet op"]
[Site "Europe Echecs INT"]
[Date "2021.03.05"]
[Round "2"]
[White "Texier, Cesar"]
[Black "Lambach, Maxime"]
[Result "1-0"]
[WhiteElo "1458"]
[BlackElo "1962"]
[PlyCount "103"]
[EventDate "2021.03.05"]
[EventType "swiss (blitz)"]
[EventRounds "15"]
[EventCountry "FRA"]
[SourceTitle "EXT 2022"]
[Source "ChessBase"]
[SourceDate "2021.10.06"]
[SourceVersion "1"]
[SourceVersionDate "2021.10.06"]
[SourceQuality "1"]

1. e4 c5 2. Nf3 d6 3. d4 cxd4 4. Nxd4 Nf6 5. Nc3 a6 6. Bg5 e6 7. f4 Be7 8. Qf3 Qc7 9. 0-0-0 Bd7 10. g4 Nc6 11. h4 b5 12. Bxf6 Bxf6 13. Nxc6 Bxc6 14. Bg2 Rc8 15. g5 Be7 16. Qg3 b4 17. Nd5 Bxd5 18. Rd2 Bb7 19. Rhd1 0-0 20. f5 exf5 21. exf5 Bxg2 22. Qxg2 Rfd8 23. f6 Bf8 24. fxg7 Bxg7 25. h5 Qa5 26. Kb1 Qe5 27. Rd4 Qc5 28. g6 Bxd4 29. gxh7+ Kh8 30. Qd2 Bg7 31. Qd3 Qxh5 32. Qd5 Qxd5 33. Rxd5 Rc5 34. Rd3 Rg5 35. a3 Rg1+ 36. Ka2 b3+ 37. Rxb3 Rg4 38. Rb7 Ra4 39. Kb3 Kxh7 40. Kxa4 Kg6 41. Rc7 d5 42. Rc6+ Kf5 43. Rc5 Bf6 44. Rc7 Ke4 45. Rxf7 Be5 46. Rf6 Kd4 47. Re6 Kc5 48. Rh6 Rb8 49. Rh5 Rb4+ 50. axb4+ Kc4 51. b3+ Kc3 52. Ka3 1-0

[Event "Ville d'Orsay online Blitz"]
[Site "Europe Echecs INT"]
[Date "2021.02.07"]
[Round "11"]
[White "Efimov, Igor"]
[Black "Texier, Cesar"]
[Result "1-0"]
[WhiteElo "2416"]
[BlackElo "1458"]
[PlyCount "33"]
[EventDate "2021.02.07"]
[EventType "swiss (blitz)"]
[EventRounds "11"]
[EventCountry "FRA"]
[SourceTitle "CBM 200 Extra"]
[Source "ChessBase"]
[SourceDate "2021.03.31"]
[SourceVersion "1"]
[SourceVersionDate "2021.03.31"]
[SourceQuality "1"]

1. d4 Nf6 2. Bg5 e6 3. Nd2 d5 4. e4 dxe4 5. Nxe4 Be7 6. Bxf6 Bxf6 7. Nf3 Nc6 8. c3 0-0 9. Qd2 b6 10. Bd3 Bb7 11. 0-0-0 Rc8 12. h4 a5 13. Nfg5 g6 14. h5 a4 15. Nxh7 Kxh7 16. hxg6+ Kg8 17. Qh6 1-0

[Event "Ville d'Orsay online Blitz"]
[Site "Europe Echecs INT"]
[Date "2021.02.07"]
[Round "3"]
[White "Osmak, Iulija"]
[Black "Texier, Cesar"]
[Result "1-0"]
[WhiteElo "2428"]
[BlackElo "1458"]
[PlyCount "67"]
[EventDate "2021.02.07"]
[EventType "swiss (blitz)"]
[EventRounds "11"]
[EventCountry "FRA"]
[SourceTitle "CBM 200 Extra"]
[Source "ChessBase"]
[SourceDate "2021.03.31"]
[SourceVersion "1"]
[SourceVersionDate "2021.03.31"]
[SourceQuality "1"]

1. b4 b5 2. Bb2 Bb7 3. e3 a6 4. Nf3 Nf6 5. Be2 e6 6. a3 Be7 7. 0-0 0-0 8. c4 bxc4 9. Bxc4 d5 10. Be2 Nbd7 11. d4 Ne4 12. Nbd2 f5 13. Nb3 g5 14. Na5 Bc8 15. Nc6 Qe8 16. Nxe7+ Qxe7 17. Rc1 Ndf6 18. Ne5 a5 19. b5 Ne8 20. a4 Bb7 21. f3 N4f6 22. Qb3 Rb8 23. Ba3 Nd6 24. Rc3 Nd7 25. Rxc7 Rfd8 26. Qc3 Rbc8 27. Rc1 Kg7 28. Qxa5 h5 29. Qb4 Rxc7 30. Rxc7 f4 31. Qxd6 Qxd6 32. Bxd6 Bc8 33. Be7 Re8 34. Bxg5 1-0

[Event "Ville d'Orsay online Blitz"]
[Site "Europe Echecs INT"]
[Date "2021.02.07"]
[Round "10"]
[White "Texier, Cesar"]
[Black "Belkhodja, Slim"]
[Result "1/2-1/2"]
[WhiteElo "1458"]
[BlackElo "2366"]
[PlyCount "261"]
[EventDate "2021.02.07"]
[EventType "swiss (blitz)"]
[EventRounds "11"]
[EventCountry "FRA"]
[SourceTitle "CBM 200 Extra"]
[Source "ChessBase"]
[SourceDate "2021.03.31"]
[SourceVersion "1"]
[SourceVersionDate "2021.03.31"]
[SourceQuality "1"]

1. e4 d6 2. d4 Nf6 3. Nc3 Nbd7 4. Nf3 e5 5. Bc4 Be7 6. 0-0 0-0 7. Be3 c6 8. dxe5 dxe5 9. Qd2 Bb4 10. Bd3 Qa5 11. Rfd1 Re8 12. a3 Bxc3 13. Qxc3 Qxc3 14. bxc3 Kf8 15. Nd2 Ng4 16. Bg5 f6 17. Bh4 g5 18. Bg3 Nh6 19. f3 Nf7 20. Bc4 Nb6 21. a4 Nxc4 22. Nxc4 Be6 23. Na5 Nd8 24. Nb3 b6 25. a5 Bxb3 26. cxb3 Ke7 27. Bf2 Ne6 28. axb6 axb6 29. Bxb6 Rxa1 30. Rxa1 Rb8 31. Ra6 h5 32. b4 Kd6 33. Be3 Rb7 34. Kf1 g4 35. Ke2 Nc7 36. Rb6 Rxb6 37. Bxb6 Nb5 38. Kd3 Ke6 39. Be3 Kd7 40. Bc1 Nd6 41. c4 Nf7 42. c5 gxf3 43. gxf3 Nd8 44. Kc4 Ne6 45. Be3 Nc7 46. f4 exf4 47. Bxf4 Nb5 48. Kd3 Ke6 49. Bd2 Nc7 50. Kd4 Kd7 51. Bf4 Ne6+ 52. Ke3 Kc8 53. e5 f5 54. Bh6 Kb7 55. Kd3 Ka6 56. Be3 Kb5 57. Kc3 f4 58. Bf2 f3 59. Be3 Nf4 60. Kd2 Nd5 61. e6 Kxb4 62. Bg5 Kxc5 63. e7 Nc7 64. Bf4 Ne8 65. Ke3 Kd5 66. Kxf3 c5 67. Kg3 Ke6 68. Kh4 Kxe7 69. Kxh5 Ke6 70. Kg4 c4 71. h4 Nf6+ 72. Kf3 Nd5 73. Bc1 Kf5 74. h5 c3 75. h6 Kg6 76. Ke4 Nb4 77. Kd4 Na2 78. Kd3 Kh7 79. Kc2 Kg6 80. Kb3 Nxc1+ 81. Kxc3 Ne2+ 82. Kd2 Ng3 83. Ke3 Nf5+ 84. Kf3 Kh7 85. Kg2 Ne7 86. Kh3 Nc6 87. Kh4 Nd4 88. Kg4 Ne6 89. Kf5 Nf8 90. Kf6 Nd7+ 91. Ke7 Nb6 92. Kd6 Nc4+ 93. Kc5 Nd2 94. Kd4 Nf1 95. Kc3 Ng3 96. Kb4 Nf5 97. Kc5 Ne7 98. Kb6 Ng6 99. Ka5 Nh4 100. Kb6 Ng2 101. Ka7 Ne3 102. Kb8 Nc4 103. Kc7 Nb6 104. Kc6 Na4 105. Kb5 Nb2 106. Kb4 Nd3+ 107. Kc3 Ne5 108. Kd4 Nf7 109. Kd5 Nh8 110. Ke6 Kg6 111. Kd7 Kf7 112. h7 Kg7 113. Ke7 Ng6+ 114. Ke6 Kh8 115. Kf6 Nf8 116. Kf7 Nd7 117. Kg6 Nc5 118. Kh6 Na6 119. Kg6 Nb4 120. Kh6 Na2 121. Kg6 Nc1 122. Kh6 Ne2 123. Kg6 Nd4 124. Kh6 Nc6 125. Kg6 Nb8 126. Kh6 Na6 127. Kg6 Nc5 128. Kh6 Ne6 129. Kg6 Nf8+ 130. Kf7 Ng6 131. Kxg6 1/2-1/2

[Event "Ville d'Orsay online Blitz"]
[Site "Europe Echecs INT"]
[Date "2021.02.07"]
[Round "2"]
[White "Texier, Cesar"]
[Black "Duquesnoy, Jean Philippe"]
[Result "1-0"]
[WhiteElo "1458"]
[BlackElo "2172"]
[PlyCount "69"]
[EventDate "2021.02.07"]
[EventType "swiss (blitz)"]
[EventRounds "11"]
[EventCountry "FRA"]
[SourceTitle "CBM 200 Extra"]
[Source "ChessBase"]
[SourceDate "2021.03.31"]
[SourceVersion "1"]
[SourceVersionDate "2021.03.31"]
[SourceQuality "1"]

1. e4 Nf6 2. Nc3 d5 3. exd5 Nxd5 4. Bc4 c6 5. Nf3 g6 6. 0-0 Bg7 7. Re1 0-0 8. h3 a5 9. a4 Na6 10. d4 Nab4 11. Ne4 Nf6 12. c3 Nbd5 13. Nxf6+ Bxf6 14. Ne5 Be6 15. Qf3 Nc7 16. Bxe6 Nxe6 17. Bh6 Bg7 18. Bxg7 Kxg7 19. Rad1 Qd5 20. Qxd5 cxd5 21. c4 dxc4 22. Nxc4 Rfe8 23. Re5 Red8 24. d5 Nc5 25. Rxe7 Nxa4 26. Rxb7 Rac8 27. Nb6 Rc2 28. Nxa4 h5 29. Rb5 g5 30. Rxa5 g4 31. hxg4 hxg4 32. Rc5 Re2 33. d6 Ra8 34. d7 Ree8 35. dxe8Q 1-0